[Event "DVM U10 2023"]
[Site "Magdeburg GER"]
[Date "2023.12.29"]
[Round "6"]
[White "Gupta, Pranit"]
[Black "Tiuca, Emma"]
[Result "1-0"]
[Termination "normal"]
[Board "17.1"]
[WhiteElo "1155"]
[BlackElo "1148"]
[WhiteClock "00:09:48"]
[BlackClock "00:30:27"]
[WhiteTeam "SF Deizisau"]
[BlackTeam "SG Trier 1877"]
[PlyCount "149"]
[BlackFideId "4007549"]
[EventCountry "GER"]
[EventRounds "7"]
[EventType "team-swiss"]
[EventDate "2023.12.27"]

1. e4 {[%clk 00:55:09]} {[%emt 00:00:01]} e6 {[%clk 00:55:05]} {[%emt
00:00:05]} 2. d4 {[%clk 00:55:03]} {[%emt 00:00:12]} d5 {[%clk 00:55:04]}
{[%emt 00:00:05]} 3. exd5 {[%clk 00:54:46]} {[%emt 00:00:22]} exd5 {[%clk
00:55:01]} {[%emt 00:00:07]} 4. c3 {[%clk 00:54:12]} {[%emt 00:00:40]} Bd6
{[%clk 00:54:57]} {[%emt 00:00:09]} 5. Bd3 {[%clk 00:53:41]} {[%emt 00:00:31]}
Nf6 {[%clk 00:54:54]} {[%emt 00:00:12]} 6. h3 {[%clk 00:53:37]} {[%emt
00:00:09]} h6 {[%clk 00:54:35]} {[%emt 00:00:23]} 7. Nf3 {[%clk 00:53:38]}
{[%emt 00:00:06]} Be6 {[%clk 00:54:04]} {[%emt 00:00:34]} 8. O-O {[%clk
00:53:28]} {[%emt 00:00:17]} O-O {[%clk 00:53:57]} {[%emt 00:00:12]} 9. Re1
{[%clk 00:53:19]} {[%emt 00:00:14]} Re8 {[%clk 00:53:47]} {[%emt 00:00:14]} 10.
Ne5 {[%clk 00:52:57]} {[%emt 00:00:28]} Nbd7 {[%clk 00:52:02]} {[%emt
00:01:48]} 11. Bf4 {[%clk 00:52:31]} {[%emt 00:00:32]} c6 {[%clk 00:49:15]}
{[%emt 00:02:52]} 12. Nxf7 {[%clk 00:51:32]} {[%emt 00:01:04]} Bxf7 {[%clk
00:47:53]} {[%emt 00:01:27]} 13. Bxd6 {[%clk 00:51:21]} {[%emt 00:00:17]} Rxe1+
{[%clk 00:47:48]} {[%emt 00:00:09]} 14. Qxe1 {[%clk 00:51:13]} {[%emt
00:00:14]} Ne8 {[%clk 00:47:38]} {[%emt 00:00:15]} 15. Bg3 {[%clk 00:50:01]}
{[%emt 00:01:12]} Nef6 {[%clk 00:47:27]} {[%emt 00:00:18]} 16. Nd2 {[%clk
00:49:47]} {[%emt 00:00:21]} Qe8 {[%clk 00:47:07]} {[%emt 00:00:25]} 17. Nf3
{[%clk 00:49:43]} {[%emt 00:00:10]} Ne4 {[%clk 00:46:33]} {[%emt 00:00:35]} 18.
Bxe4 {[%clk 00:46:59]} {[%emt 00:02:53]} dxe4 {[%clk 00:46:23]} {[%emt
00:00:14]} 19. Nd2 {[%clk 00:46:48]} {[%emt 00:00:17]} Nf6 {[%clk 00:45:24]}
{[%emt 00:00:11]} 20. Bh4 {[%clk 00:46:39]} {[%emt 00:01:05]} Nd5 {[%clk
00:42:54]} {[%emt 00:02:36]} 21. Qxe4 {[%clk 00:46:20]} {[%emt 00:00:25]} Qxe4
{[%clk 00:42:36]} {[%emt 00:00:22]} 22. Nxe4 {[%clk 00:46:22]} {[%emt
00:00:04]} Re8 {[%clk 00:41:44]} {[%emt 00:00:56]} 23. Nd6 {[%clk 00:45:30]}
{[%emt 00:00:57]} Re2 {[%clk 00:41:41]} {[%emt 00:00:08]} 24. Nc4 {[%clk
00:41:56]} {[%emt 00:03:39]} Nf4 {[%clk 00:40:48]} {[%emt 00:00:57]} 25. b3
{[%clk 00:39:17]} {[%emt 00:02:45]} Rc2 {[%clk 00:39:35]} {[%emt 00:01:17]} 26.
Nd6 {[%clk 00:38:27]} {[%emt 00:00:57]} Rxc3 {[%clk 00:39:13]} {[%emt
00:00:26]} 27. Nxb7 {[%clk 00:38:27]} {[%emt 00:00:06]} Rd3 {[%clk 00:39:05]}
{[%emt 00:00:12]} 28. g3 {[%clk 00:37:03]} {[%emt 00:01:30]} Nxh3+ {[%clk
00:38:46]} {[%emt 00:00:23]} 29. Kg2 {[%clk 00:36:52]} {[%emt 00:00:17]} Ng5
{[%clk 00:38:26]} {[%emt 00:00:24]} 30. Bxg5 {[%clk 00:36:50]} {[%emt
00:00:07]} hxg5 {[%clk 00:38:24]} {[%emt 00:00:08]} 31. Nd6 {[%clk 00:31:58]}
{[%emt 00:04:57]} Be6 {[%clk 00:38:04]} {[%emt 00:00:23]} 32. Ne4 {[%clk
00:31:29]} {[%emt 00:00:35]} Bd5 {[%clk 00:37:53]} {[%emt 00:00:16]} 33. f3
{[%clk 00:31:09]} {[%emt 00:00:25]} Rxd4 {[%clk 00:37:32]} {[%emt 00:00:26]}
34. Nxg5 {[%clk 00:30:55]} {[%emt 00:00:19]} Rd2+ {[%clk 00:37:25]} {[%emt
00:00:12]} 35. Kh3 {[%clk 00:29:07]} {[%emt 00:01:54]} Rd3 {[%clk 00:37:14]}
{[%emt 00:00:13]} 36. Kg4 {[%clk 00:28:28]} {[%emt 00:00:47]} Rd4+ {[%clk
00:37:05]} {[%emt 00:00:11]} 37. f4 {[%clk 00:28:24]} {[%emt 00:00:12]} Kf8
{[%clk 00:36:37]} {[%emt 00:00:31]} 38. Kf5 {[%clk 00:21:40]} {[%emt 00:06:49]}
Rd3 {[%clk 00:35:58]} {[%emt 00:00:45]} 39. Kg4 {[%clk 00:19:15]} {[%emt
00:02:30]} c5 {[%clk 00:35:37]} {[%emt 00:00:26]} 40. Rc1 {[%clk 00:18:12]}
{[%emt 00:01:08]} Bc6 {[%clk 00:34:52]} {[%emt 00:00:50]} 41. Rxc5 {[%clk
00:17:46]} {[%emt 00:00:31]} Bd7+ {[%clk 00:34:46]} {[%emt 00:00:09]} 42. f5
{[%clk 00:17:26]} {[%emt 00:00:27]} Rd4+ {[%clk 00:34:38]} {[%emt 00:00:12]}
43. Kf3 {[%clk 00:16:50]} {[%emt 00:00:42]} Rd3+ {[%clk 00:34:20]} {[%emt
00:00:21]} 44. Kf4 {[%clk 00:16:09]} {[%emt 00:00:49]} Rd4+ {[%clk 00:34:17]}
{[%emt 00:00:07]} 45. Ne4 {[%clk 00:15:53]} {[%emt 00:00:21]} Kf7 {[%clk
00:33:33]} {[%emt 00:00:47]} 46. Rc4 {[%clk 00:15:44]} {[%emt 00:00:17]} Rd1
{[%clk 00:33:22]} {[%emt 00:00:16]} 47. Rc2 {[%clk 00:14:07]} {[%emt 00:01:42]}
Rd4 {[%clk 00:33:06]} {[%emt 00:00:20]} 48. Rd2 {[%clk 00:13:41]} {[%emt
00:00:31]} Rxd2 {[%clk 00:32:38]} {[%emt 00:00:33]} 49. Nxd2 {[%clk 00:13:28]}
{[%emt 00:00:18]} Kf6 {[%clk 00:32:33]} {[%emt 00:00:11]} 50. g4 {[%clk
00:13:28]} {[%emt 00:00:05]} g5+ {[%clk 00:32:21]} {[%emt 00:00:16]} 51. fxg6
{[%clk 00:13:26]} {[%emt 00:00:09]} Kxg6 {[%clk 00:32:20]} {[%emt 00:00:05]}
52. Ne4 {[%clk 00:13:23]} {[%emt 00:00:08]} Bb5 {[%clk 00:31:56]} {[%emt
00:00:29]} 53. g5 {[%clk 00:13:14]} {[%emt 00:00:14]} Bd3 {[%clk 00:31:49]}
{[%emt 00:00:11]} 54. Nd6 {[%clk 00:13:02]} {[%emt 00:00:17]} Bb1 {[%clk
00:31:44]} {[%emt 00:00:11]} 55. a3 {[%emt 00:00:13]} Bc2 {[%clk 00:31:35]}
{[%emt 00:00:12]} 56. b4 {[%clk 00:12:55]} {[%emt 00:00:06]} a6 {[%clk
00:31:32]} {[%emt 00:00:08]} 57. b5 {[%clk 00:12:53]} {[%emt 00:00:07]} axb5
{[%clk 00:31:29]} {[%emt 00:00:07]} 58. Nxb5 {[%clk 00:12:51]} {[%emt
00:00:07]} Bd1 {[%clk 00:31:29]} {[%emt 00:00:05]} 59. Nc3 {[%clk 00:12:44]}
{[%emt 00:00:13]} Bb3 {[%clk 00:31:28]} {[%emt 00:00:06]} 60. a4 {[%clk
00:12:38]} {[%emt 00:00:56]} Bxa4 {[%clk 00:31:21]} {[%emt 00:00:12]} 61. Nxa4
{[%clk 00:12:38]} {[%emt 00:00:04]} Kg7 {[%clk 00:31:12]} {[%emt 00:00:14]} 62.
Kf5 {[%clk 00:12:38]} {[%emt 00:00:06]} Kf7 {[%clk 00:31:12]} {[%emt 00:00:04]}
63. Nc5 {[%clk 00:12:35]} {[%emt 00:00:08]} Kg7 {[%clk 00:31:12]} {[%emt
00:00:05]} 64. Ke6 {[%clk 00:12:29]} {[%emt 00:00:11]} Kg6 {[%clk 00:31:10]}
{[%emt 00:00:07]} 65. Ne4 {[%clk 00:12:28]} {[%emt 00:00:06]} Kg7 {[%clk
00:31:10]} {[%emt 00:00:06]} 66. Kf5 {[%clk 00:12:19]} {[%emt 00:00:14]} Kf7
{[%clk 00:31:10]} {[%emt 00:00:05]} 67. Nd6+ {[%clk 00:12:18]} {[%emt
00:00:06]} Kg7 {[%clk 00:31:07]} {[%emt 00:00:07]} 68. g6 {[%clk 00:12:17]}
{[%emt 00:00:06]} Kf8 {[%clk 00:31:02]} {[%emt 00:00:10]} 69. Kf6 {[%clk
00:12:05]} {[%emt 00:00:17]} Kg8 {[%clk 00:30:56]} {[%emt 00:00:11]} 70. g7
{[%clk 00:12:04]} {[%emt 00:00:06]} Kh7 {[%clk 00:30:55]} {[%emt 00:00:05]} 71.
Kf7 {[%clk 00:12:04]} {[%emt 00:00:06]} Kh6 {[%clk 00:30:54]} {[%emt 00:00:06]}
72. g8=Q {[%emt 00:00:10]} Kh5 {[%emt 00:00:13]} 73. Ne4 {[%clk 00:09:52]}
{[%emt 00:01:54]} Kh4 {[%clk 00:30:30]} {[%emt 00:00:29]} 74. Qg5+ {[%clk
00:09:49]} {[%emt 00:00:08]} Kh3 {[%clk 00:30:27]} {[%emt 00:00:08]} 75. Qg3#
{[%clk 00:09:48]} {[%emt 00:00:07]} 1-0

[Event "DVM U10 2023"]
[Site "Magdeburg GER"]
[Date "2023.12.29"]
[Round "6"]
[White "Dres, Friedrich"]
[Black "Hou, Yinuo"]
[Result "0-1"]
[Termination "normal"]
[Board "17.2"]
[WhiteElo "1007"]
[BlackElo "1211"]
[WhiteClock "00:36:08"]
[BlackClock "00:20:36"]
[WhiteTeam "SG Trier 1877"]
[BlackTeam "SF Deizisau"]
[PlyCount "110"]
[EventCountry "GER"]
[EventRounds "7"]
[EventType "team-swiss"]
[EventDate "2023.12.27"]

1. e4 {[%clk 00:55:09]} {[%emt 00:01:46]} c5 {[%clk 00:55:00]} {[%emt
00:00:11]} 2. g3 {[%clk 00:54:57]} {[%emt 00:00:16]} d6 {[%clk 00:54:32]}
{[%emt 00:00:33]} 3. Bg2 {[%clk 00:54:52]} {[%emt 00:00:10]} Nf6 {[%clk
00:54:20]} {[%emt 00:00:17]} 4. Nc3 {[%clk 00:54:44]} {[%emt 00:00:12]} g6
{[%clk 00:54:10]} {[%emt 00:00:16]} 5. d3 {[%clk 00:54:41]} Bg7 {[%clk
00:53:57]} {[%emt 00:00:25]} 6. Be3 {[%clk 00:54:33]} O-O {[%clk 00:53:45]}
{[%emt 00:00:30]} 7. f4 {[%clk 00:54:33]} Nc6 {[%clk 00:52:50]} {[%emt
00:01:06]} 8. Nf3 {[%clk 00:54:22]} Bg4 {[%clk 00:52:25]} {[%emt 00:00:44]} 9.
Qd2 {[%clk 00:54:20]} a6 {[%clk 00:51:42]} {[%emt 00:00:57]} 10. Nd1 {[%clk
00:54:11]} {[%emt 00:00:13]} b5 {[%clk 00:48:53]} {[%emt 00:02:55]} 11. O-O
{[%clk 00:53:27]} {[%emt 00:00:49]} Qd7 {[%clk 00:47:29]} {[%emt 00:01:29]} 12.
e5 {[%clk 00:52:05]} {[%emt 00:01:27]} Ne8 {[%clk 00:45:53]} {[%emt 00:01:40]}
13. h3 {[%clk 00:50:18]} {[%emt 00:01:52]} Bxh3 {[%clk 00:45:35]} {[%emt
00:00:23]} 14. Bxh3 {[%clk 00:49:46]} {[%emt 00:00:38]} Qxh3 {[%clk 00:45:27]}
{[%emt 00:00:13]} 15. Nf2 {[%clk 00:49:45]} {[%emt 00:00:06]} Qd7 {[%clk
00:44:32]} {[%emt 00:01:00]} 16. exd6 {[%clk 00:49:08]} {[%emt 00:00:42]} exd6
{[%clk 00:43:11]} {[%emt 00:01:34]} 17. c3 {[%clk 00:48:19]} {[%emt 00:00:56]}
Nf6 {[%clk 00:42:10]} {[%emt 00:01:06]} 18. d4 {[%clk 00:47:59]} {[%emt
00:00:25]} c4 {[%clk 00:41:22]} {[%emt 00:00:53]} 19. d5 {[%clk 00:47:37]}
{[%emt 00:00:28]} Ne7 {[%clk 00:40:50]} {[%emt 00:00:36]} 20. Qe2 {[%clk
00:47:24]} {[%emt 00:00:18]} Nexd5 {[%clk 00:39:49]} {[%emt 00:01:06]} 21. Rad1
{[%clk 00:47:06]} {[%emt 00:00:23]} Nxe3 {[%clk 00:38:23]} {[%emt 00:01:31]}
22. Qxe3 {[%emt 00:00:10]} Rfe8 {[%emt 00:00:55]} 23. Ne5 {[%clk 00:45:42]}
{[%emt 00:00:24]} Qe6 {[%clk 00:37:26]} {[%emt 00:01:02]} 24. Nxc4 {[%clk
00:44:30]} {[%emt 00:01:16]} Qxe3 {[%clk 00:36:52]} {[%emt 00:00:40]} 25. Nxe3
{[%clk 00:44:25]} {[%emt 00:00:10]} Rxe3 {[%clk 00:36:49]} {[%emt 00:00:08]}
26. Rxd6 {[%emt 00:00:15]} Rxg3+ {[%clk 00:36:17]} {[%emt 00:00:35]} 27. Kh2
{[%clk 00:44:11]} {[%emt 00:00:11]} Rf3 {[%clk 00:35:53]} {[%emt 00:00:28]} 28.
Kg2 {[%clk 00:44:02]} {[%emt 00:00:15]} Rxf4 {[%clk 00:35:42]} {[%emt
00:00:16]} 29. Kg3 {[%clk 00:43:37]} {[%emt 00:00:29]} Ne4+ {[%clk 00:35:14]}
{[%emt 00:00:34]} 30. Kxf4 {[%clk 00:42:53]} {[%emt 00:01:38]} Nxd6 {[%clk
00:35:12]} {[%emt 00:00:06]} 31. Rd1 {[%clk 00:42:35]} {[%emt 00:00:23]} Nf5
{[%clk 00:33:59]} {[%emt 00:01:18]} 32. Rd7 {[%clk 00:41:50]} {[%emt 00:00:51]}
Re8 {[%clk 00:32:49]} {[%emt 00:01:15]} 33. Ra7 {[%clk 00:41:22]} {[%emt
00:00:33]} Bh6+ {[%clk 00:32:21]} {[%emt 00:00:33]} 34. Kf3 {[%clk 00:40:56]}
{[%emt 00:01:24]} Re6 {[%clk 00:31:01]} {[%emt 00:00:41]} 35. Ne4 {[%clk
00:40:38]} {[%emt 00:00:23]} Nd6 {[%clk 00:30:40]} {[%emt 00:00:26]} 36. Nc5
{[%clk 00:40:22]} {[%emt 00:00:23]} Rf6+ {[%clk 00:29:14]} {[%emt 00:01:30]}
37. Kg2 {[%clk 00:40:13]} {[%emt 00:00:13]} Be3 {[%clk 00:28:34]} {[%emt
00:00:45]} 38. Ra8+ {[%clk 00:40:02]} {[%emt 00:00:17]} Kg7 {[%clk 00:28:21]}
{[%emt 00:00:17]} 39. Nd7 {[%clk 00:39:53]} {[%emt 00:00:16]} Rf2+ {[%clk
00:27:17]} {[%emt 00:01:08]} 40. Kg3 {[%clk 00:39:47]} {[%emt 00:00:11]} Rxb2
{[%clk 00:26:49]} {[%emt 00:00:34]} 41. Rxa6 {[%clk 00:39:36]} {[%emt
00:00:15]} Nf5+ {[%clk 00:26:04]} {[%emt 00:00:50]} 42. Kf3 {[%clk 00:39:24]}
{[%emt 00:00:17]} h5 {[%clk 00:25:51]} {[%emt 00:00:17]} 43. Ra7 {[%clk
00:39:14]} {[%emt 00:00:16]} Bxa7 {[%clk 00:25:46]} {[%emt 00:00:11]} 44. Ne5
{[%clk 00:38:31]} {[%emt 00:00:46]} Rxa2 {[%clk 00:25:30]} {[%emt 00:00:22]}
45. Ke4 {[%clk 00:38:10]} {[%emt 00:00:26]} Re2+ {[%clk 00:25:02]} {[%emt
00:00:33]} 46. Kf4 {[%clk 00:37:53]} {[%emt 00:00:21]} Bb8 {[%clk 00:24:57]}
{[%emt 00:00:11]} 47. Kf3 {[%clk 00:37:33]} {[%emt 00:00:24]} Rxe5 {[%clk
00:24:47]} {[%emt 00:00:16]} 48. Kg2 {[%clk 00:37:18]} {[%emt 00:00:20]} h4
{[%emt 00:01:10]} 49. Kh3 {[%clk 00:37:13]} {[%emt 00:00:05]} Re3+ {[%clk
00:23:37]} {[%emt 00:00:15]} 50. Kg2 {[%clk 00:37:06]} {[%emt 00:00:12]} h3+
{[%clk 00:23:32]} {[%emt 00:00:10]} 51. Kg1 {[%clk 00:36:46]} {[%emt 00:00:24]}
Re1+ {[%clk 00:23:10]} {[%emt 00:00:28]} 52. Kf2 {[%clk 00:36:40]} {[%emt
00:00:11]} Bg3+ {[%clk 00:22:51]} {[%emt 00:00:24]} 53. Kf3 {[%clk 00:36:26]}
{[%emt 00:00:18]} h2 {[%clk 00:21:46]} {[%emt 00:01:11]} 54. c4 {[%clk
00:36:14]} {[%emt 00:00:17]} h1=Q+ {[%clk 00:20:41]} {[%emt 00:01:11]} 55. Kg4
{[%clk 00:36:08]} {[%emt 00:00:10]} Qh5# {[%clk 00:20:36]} {[%emt 00:00:10]}
0-1

[Event "DVM U10 2023"]
[Site "Magdeburg GER"]
[Date "2023.12.29"]
[Round "6"]
[White "Gheng, Hannes Lucas"]
[Black "Classen, Meara"]
[Result "1-0"]
[Termination "normal"]
[Board "17.3"]
[WhiteElo "961"]
[BlackElo "1118"]
[WhiteClock "00:13:13"]
[BlackClock "00:05:18"]
[WhiteTeam "SF Deizisau"]
[BlackTeam "SG Trier 1877"]
[PlyCount "141"]
[WhiteFideId "34606890"]
[BlackFideId "34626956"]
[EventCountry "GER"]
[EventRounds "7"]
[EventType "team-swiss"]
[EventDate "2023.12.27"]

1. e4 {[%clk 00:55:08]} {[%emt 00:00:02]} e6 {[%clk 00:55:04]} {[%emt
00:00:06]} 2. d4 {[%clk 00:55:02]} {[%emt 00:00:11]} d5 {[%clk 00:55:04]}
{[%emt 00:00:05]} 3. Nd2 {[%clk 00:54:57]} {[%emt 00:00:11]} Nf6 {[%clk
00:54:51]} {[%emt 00:00:16]} 4. Bd3 {[%clk 00:54:41]} {[%emt 00:00:22]} c5
{[%clk 00:54:29]} {[%emt 00:00:26]} 5. Ngf3 {[%clk 00:53:43]} {[%emt 00:01:04]}
Nc6 {[%clk 00:53:24]} {[%emt 00:01:09]} 6. c3 {[%clk 00:53:34]} {[%emt
00:00:16]} Bd6 {[%clk 00:51:17]} {[%emt 00:02:06]} 7. e5 {[%clk 00:53:09]}
{[%emt 00:00:35]} Bf8 {[%clk 00:46:25]} {[%emt 00:04:56]} 8. exf6 {[%clk
00:52:12]} {[%emt 00:01:00]} Qxf6 {[%clk 00:45:54]} {[%emt 00:00:38]} 9. dxc5
{[%clk 00:51:09]} {[%emt 00:01:09]} Bxc5 {[%clk 00:45:16]} {[%emt 00:00:43]}
10. O-O {[%clk 00:50:26]} {[%emt 00:00:49]} Qd8 {[%clk 00:44:38]} {[%emt
00:00:41]} 11. Nb3 {[%clk 00:48:53]} {[%emt 00:01:39]} Bd6 {[%clk 00:43:41]}
{[%emt 00:01:00]} 12. Bg5 {[%clk 00:46:20]} {[%emt 00:02:38]} Qc7 {[%clk
00:41:54]} {[%emt 00:01:53]} 13. Bh4 {[%emt 00:00:54]} O-O {[%clk 00:41:06]}
{[%emt 00:00:50]} 14. Bg3 {[%clk 00:44:46]} {[%emt 00:00:54]} Bxg3 {[%clk
00:39:20]} {[%emt 00:01:50]} 15. fxg3 {[%clk 00:44:31]} {[%emt 00:00:20]} e5
{[%clk 00:38:37]} {[%emt 00:00:49]} 16. Nh4 {[%clk 00:43:30]} {[%emt 00:01:06]}
e4 {[%clk 00:37:31]} {[%emt 00:01:10]} 17. Be2 {[%clk 00:43:05]} {[%emt
00:00:29]} Be6 {[%clk 00:36:05]} {[%emt 00:01:33]} 18. Bg4 {[%clk 00:42:17]}
{[%emt 00:00:50]} Qd7 {[%clk 00:34:42]} {[%emt 00:01:30]} 19. Nc5 {[%clk
00:41:13]} {[%emt 00:01:10]} Qe7 {[%emt 00:03:24]} 20. b4 {[%clk 00:39:08]} b6
{[%clk 00:31:59]} {[%emt 00:01:37]} 21. Nxe6 {[%clk 00:38:49]} {[%emt
00:00:26]} fxe6 {[%clk 00:31:43]} {[%emt 00:00:19]} 22. Rxf8+ {[%clk 00:37:41]}
{[%emt 00:01:15]} Rxf8 {[%clk 00:31:22]} {[%emt 00:00:26]} 23. Qa4 {[%clk
00:36:16]} {[%emt 00:01:30]} Qf7 {[%clk 00:28:29]} {[%emt 00:02:58]} 24. h3
{[%clk 00:35:25]} {[%emt 00:00:56]} Ne5 {[%clk 00:27:23]} {[%emt 00:01:10]} 25.
Qd1 {[%clk 00:34:09]} {[%emt 00:01:18]} Qf2+ {[%clk 00:26:25]} {[%emt
00:01:02]} 26. Kh2 {[%emt 00:01:17]} e3 {[%emt 00:01:11]} 27. Bxe6+ {[%clk
00:31:04]} {[%emt 00:00:47]} Kh8 {[%clk 00:26:03]} {[%emt 00:00:27]} 28. Bxd5
{[%clk 00:29:10]} {[%emt 00:01:58]} e2 {[%clk 00:25:35]} {[%emt 00:00:35]} 29.
Qe1 {[%clk 00:26:03]} {[%emt 00:03:12]} Qf1 {[%clk 00:24:28]} {[%emt 00:01:11]}
30. Nf3 {[%clk 00:24:29]} {[%emt 00:01:38]} Nxf3+ {[%clk 00:19:12]} {[%emt
00:05:21]} 31. Bxf3 {[%clk 00:23:50]} {[%emt 00:00:45]} Qxe1 {[%clk 00:17:06]}
{[%emt 00:02:11]} 32. Rxe1 {[%clk 00:23:45]} {[%emt 00:00:10]} Re8 {[%clk
00:16:17]} {[%emt 00:00:53]} 33. Rxe2 {[%clk 00:23:29]} {[%emt 00:00:22]} Rxe2
{[%clk 00:15:50]} 34. Bxe2 {[%clk 00:23:16]} {[%emt 00:00:50]} Kg8 {[%clk
00:15:41]} {[%emt 00:00:14]} 35. Kg1 {[%clk 00:23:07]} {[%emt 00:00:14]} Kf7
{[%clk 00:15:32]} {[%emt 00:00:14]} 36. Kf2 {[%clk 00:23:02]} {[%emt 00:00:09]}
Ke6 {[%clk 00:15:25]} {[%emt 00:00:12]} 37. Kf3 {[%clk 00:22:51]} {[%emt
00:00:17]} Kf5 {[%clk 00:15:01]} {[%emt 00:00:29]} 38. Bd3+ {[%clk 00:22:41]}
{[%emt 00:00:15]} Kg5 {[%clk 00:14:35]} {[%emt 00:00:29]} 39. Bxh7 {[%clk
00:22:26]} {[%emt 00:00:22]} Kf6 {[%clk 00:13:44]} {[%emt 00:00:55]} 40. Kf4
{[%clk 00:22:19]} {[%emt 00:00:14]} Ke6 {[%clk 00:13:33]} {[%emt 00:00:14]} 41.
Bg8+ {[%clk 00:21:40]} {[%emt 00:00:45]} Kf6 {[%clk 00:13:17]} {[%emt
00:00:20]} 42. g4 {[%clk 00:21:33]} {[%emt 00:00:14]} g5+ {[%clk 00:13:04]}
{[%emt 00:00:15]} 43. Kg3 {[%clk 00:21:19]} {[%emt 00:00:20]} Kg7 {[%clk
00:12:29]} {[%emt 00:00:39]} 44. Bb3 {[%clk 00:21:07]} {[%emt 00:00:19]} Kg6
{[%clk 00:12:22]} {[%emt 00:00:12]} 45. h4 {[%clk 00:20:59]} {[%emt 00:00:14]}
gxh4+ {[%clk 00:11:55]} {[%emt 00:00:31]} 46. Kxh4 {[%clk 00:20:51]} {[%emt
00:00:13]} Kh6 {[%clk 00:11:52]} {[%emt 00:00:08]} 47. g5+ {[%clk 00:20:31]}
{[%emt 00:00:25]} Kg6 {[%clk 00:11:49]} {[%emt 00:00:07]} 48. Bc2+ {[%clk
00:20:18]} {[%emt 00:00:19]} Kg7 {[%clk 00:11:40]} {[%emt 00:00:13]} 49. Kh5
{[%clk 00:20:06]} {[%emt 00:00:17]} Kf7 {[%clk 00:11:21]} {[%emt 00:00:24]} 50.
Kh6 {[%clk 00:19:54]} {[%emt 00:00:18]} Kg8 {[%clk 00:11:09]} {[%emt 00:00:17]}
51. g6 {[%clk 00:19:38]} {[%emt 00:00:21]} Kf8 {[%clk 00:10:30]} {[%emt
00:00:43]} 52. g7+ {[%clk 00:19:29]} {[%emt 00:00:15]} Kf7 {[%clk 00:10:13]}
{[%emt 00:00:20]} 53. Bb3+ {[%clk 00:19:15]} {[%emt 00:00:20]} Ke7 {[%clk
00:10:02]} {[%emt 00:00:16]} 54. g8=Q {[%emt 00:00:14]} Kd6 {[%clk 00:09:54]}
{[%emt 00:00:13]} 55. Qe6+ {[%clk 00:18:48]} {[%emt 00:00:24]} Kc7 {[%clk
00:09:41]} {[%emt 00:00:16]} 56. Bd5 {[%clk 00:18:23]} {[%emt 00:00:31]} a5
{[%clk 00:09:18]} {[%emt 00:00:29]} 57. Qc6+ {[%clk 00:18:12]} {[%emt
00:00:16]} Kd8 {[%clk 00:09:06]} {[%emt 00:00:16]} 58. Be6 {[%clk 00:17:49]}
{[%emt 00:00:28]} Ke7 {[%clk 00:08:51]} {[%emt 00:00:20]} 59. Qd7+ {[%clk
00:17:34]} {[%emt 00:00:21]} Kf6 {[%clk 00:08:37]} {[%emt 00:00:19]} 60. g4
{[%clk 00:17:02]} {[%emt 00:00:37]} axb4 {[%clk 00:08:04]} {[%emt 00:00:37]}
61. g5+ {[%clk 00:15:45]} {[%emt 00:02:02]} Ke5 {[%clk 00:07:44]} {[%emt
00:00:24]} 62. cxb4 {[%clk 00:15:29]} {[%emt 00:00:22]} b5 {[%clk 00:07:18]}
{[%emt 00:00:30]} 63. g6 {[%clk 00:15:25]} {[%emt 00:00:09]} Kf6 {[%clk
00:06:47]} {[%emt 00:00:36]} 64. g7 {[%clk 00:15:13]} {[%emt 00:00:18]} Ke5
{[%clk 00:06:40]} {[%emt 00:00:11]} 65. g8=R {[%clk 00:14:52]} {[%emt
00:00:26]} Ke4 {[%clk 00:06:32]} {[%emt 00:00:12]} 66. Qd5+ {[%clk 00:14:29]}
{[%emt 00:00:29]} Ke3 {[%clk 00:06:15]} {[%emt 00:00:23]} 67. Rg4 {[%clk
00:13:58]} {[%emt 00:00:34]} Ke2 {[%clk 00:05:58]} {[%emt 00:00:23]} 68. Qh1
{[%clk 00:13:45]} {[%emt 00:00:18]} Ke3 {[%clk 00:05:42]} {[%emt 00:00:21]} 69.
Qh3+ {[%clk 00:13:30]} {[%emt 00:00:21]} Kf2 {[%clk 00:05:26]} {[%emt
00:00:20]} 70. Rg2+ {[%clk 00:13:15]} {[%emt 00:00:26]} Ke1 {[%clk 00:05:18]}
{[%emt 00:00:17]} 71. Qh1# {[%clk 00:13:13]} {[%emt 00:00:06]} 1-0